MARC

LEADER 00000nam0a2200000 4500
001 348860
005 20231102010140.0
035 |a (RuTPU)RU\TPU\retro\715 
090 |a 348860 
100 |a 20180322d1962 km y0rusy50 ca 
101 1 |a rus 
102 |a RU 
105 |a a z 001zy 
200 1 |a Ураноорганическая минеральная ассоциация  |e [перевод]  |f А. М. Абдел-Гавад, П. Ф. Керр  |g СССР, Министерство геологии и охраны недр ; Всесоюзный научно-исследовательский институт минерального сырья, Отдел научно-технической информации (ОНТИ) 
210 |a Москва  |c [Б. и.]  |d 1962 
215 |a 23 с.  |c ил. 
225 1 |a Геология и методика поисков месторождений урана и редких элементов  |v Вып. 22 
320 |a Библиогр.: с. 22-23 
606 1 |a Урановые месторождения  |2 stltpush  |3 (RuTPU)RU\TPU\subj\63189  |9 80225 
610 1 |a ураносодержащий асфальтит 
610 1 |a коффинит 
610 1 |a выделение 
610 1 |a рентгеновский анализ 
610 1 |a нагревание 
610 1 |a рентгеноструктурные исследования 
610 1 |a вес 
610 1 |a цвет 
610 1 |a инфракрасные спектры 
610 1 |a поглощение 
610 1 |a оптические наблюдения 
610 1 |a электронная микроскопия 
610 1 |a индикаторы 
610 1 |a гидротермальный генезис 
675 |a 621.495  |v 4 
700 1 |a Абдел-Гавад  |b А. М. 
701 1 |a Керр  |b П. Ф. 
712 0 1 |a СССР  |b Министерство геологии и охраны недр  |c (1953-1963)  |2 stltpush  |3 (RuTPU)RU\TPU\col\14783  |9 26014 
712 0 2 |a Всесоюзный научно-исследовательский институт минерального сырья  |b Отдел научно-технической информации (ОНТИ)  |c (Москва)  |c (1934-1991)  |2 stltpush  |3 (RuTPU)RU\TPU\col\18352 
801 1 |a RU  |b 63413507  |c 20180322 
801 2 |a RU  |b 63413507  |c 20181121  |g RCR 
942 |c BK